Kyoto - Choix Multiples - Statistiques

Statistiques générales
  • Ce quiz a été pris 2 261 fois
    2 225 depuis la dernière actualisation
  • Le résultat moyen est 6 sur 10
Statistiques - réponses
Question Réponse % Correct
Quelle entreprise, géante mondiale du jeu vidéo, est basée à Kyoto? Nintendo
85%
Laquelle de ces photos illustre le Yudofu, spécialité à base de tofu originaire de Kyoto?
80%
Quelle photo n'a pas été prise à Kyoto?
73%
Le protocole de Kyoto, signé en 1997 entré en vigueur en 2005, vise à combatte un problème mondial majeur. Lequel? Le réchauffement climatique
71%
En quelle année, symbole de grands changements au Japon, Kyoto cessa d'être la capitale impériale (résidence des empereurs)? 1868
69%
Quel volet de la série de jeux vidéos Assassin's Creed se déroule, au moins en partie, à Kyoto? Shadows
66%
Si une personne vous parle du Kiyomizu-dera, de quoi parle-t-il? D'un temple
64%
Dans quelle région se situe Kyoto? Kansai
39%
Quel était l'ancien nom de Kyoto? Heian
37%
Dans quel sport s'illustre l'équipe du Kyoto Sanga? Football
33%
Aucun quiz correspondant
Distribution des résultats
% des personnes avec chaque résultat
Percentile par nombre de réponses
Votre historique - résultats
Vous n’avez pas pris ce quiz depuis la dernière actualisation